000 00473nam a2200169Ia 4500
003 GCL
008 140319s9999 xx 000 0 ara d
040 _aGCL /
_cGCL
082 0 4 _a812
_bم ق
100 1 _aمحمود تيمور
245 1 0 _aقنابل : مسلاة مسرحية من ثلاث فصول /
_cمحمود تيمور
300 _a189 ص
490 _a
650 0 4 _aالادب العربى
650 0 4 _aالمسرحيات العربية
942 _2ddc
_cBK
999 _c45481
_d45481